Loading...
| Literature - British | 2 | 4 | 0 | 0 | 70 | 71 | 104.17 | 6 | 6 | 0.00 | 0.00 |
| History - World | 1 | 5 | 0 | 1 | 65 | 39 | 81.17 | 4 | 6 | 0.00 | 0.00 |
| Science - Physics | 0 | 6 | 0 | 0 | 60 | 80 | 103.33 | 5 | 6 | 0.00 | 0.00 |
| Science - Biology | 0 | 6 | 0 | 0 | 60 | 84 | 102.67 | 3 | 6 | 0.00 | 0.00 |
| Literature - World | 0 | 6 | 1 | 0 | 55 | 78 | 100.33 | 3 | 6 | 0.00 | 0.00 |
| Fine Arts - Auditory | 0 | 6 | 1 | 1 | 55 | 84 | 117.50 | 6 | 6 | 0.00 | 0.00 |
| History - Other | 0 | 6 | 1 | 1 | 55 | 73 | 107.83 | 5 | 6 | 0.00 | 0.00 |
| Literature - European | 1 | 4 | 0 | 0 | 55 | 15 | 104.40 | 4 | 5 | 0.00 | 0.00 |
| Fine Arts - Visual | 0 | 5 | 0 | 0 | 50 | 111 | 127.20 | 3 | 5 | 0.00 | 0.00 |
| History - American | 0 | 5 | 0 | 0 | 50 | 72 | 98.40 | 5 | 5 | 0.00 | 0.00 |
| Fine Arts - Other | 1 | 4 | 1 | 0 | 50 | 33 | 103.80 | 3 | 5 | 0.00 | 0.00 |
| Literature - American | 0 | 5 | 1 | 0 | 45 | 98 | 114.60 | 2 | 5 | 0.00 | 0.00 |
| Science - Chemistry | 0 | 5 | 1 | 0 | 45 | 120 | 131.80 | 4 | 5 | 0.00 | 0.00 |
| Social Science | 0 | 4 | 0 | 1 | 40 | 66 | 91.50 | 4 | 4 | 0.00 | 0.00 |
| History - European | 0 | 4 | 0 | 0 | 40 | 92 | 109.25 | 3 | 4 | 0.00 | 0.00 |
| Religion | 0 | 4 | 0 | 1 | 40 | 86 | 115.50 | 2 | 4 | 0.00 | 0.00 |
| Mythology | 0 | 4 | 1 | 0 | 35 | 92 | 120.75 | 3 | 4 | 0.00 | 0.00 |
| Science - Other | 0 | 4 | 2 | 1 | 30 | 86 | 108.50 | 3 | 4 | 0.00 | 0.00 |
| Current Events | 0 | 2 | 0 | 0 | 20 | 73 | 76.00 | 2 | 2 | 0.00 | 0.00 |
| Philosophy | 0 | 3 | 2 | 0 | 20 | 79 | 83.00 | 3 | 3 | 0.00 | 0.00 |
| Geography | 0 | 1 | 0 | 0 | 10 | 142 | 142.00 | 0 | 1 | 0.00 | 0.00 |
| Pop Culture | 0 | 1 | 0 | 0 | 10 | 101 | 101.00 | 1 | 1 | 0.00 | 0.00 |